Welcome to CU Library Online Public Access Catalogue (OPAC)

Management of the child with a serious infection or severe malnutrition : (Record no. 4199)

MARC details
000 -LEADER
fixed length control field 01296cam a22003137a 4500
001 - CONTROL NUMBER
control field 12338340
005 - DATE AND TIME OF LATEST TRANSACTION
control field 20250223144413.0
008 - FIXED-LENGTH DATA ELEMENTS--GENERAL INFORMATION
fixed length control field 001103s2000 sz a b i001 0 eng d
020 ## - INTERNATIONAL STANDARD BOOK NUMBER
International Standard Book Number 9241545313
020 ## - INTERNATIONAL STANDARD BOOK NUMBER
International Standard Book Number 9241563692 (added vol.)
050 00 - LIBRARY OF CONGRESS CALL NUMBER
Classification number RJ370
Item number .M33 2000
082 00 - DEWEY DECIMAL CLASSIFICATION NUMBER
Classification number 618.92/0028
Edition information 21
245 00 - TITLE STATEMENT
Title Management of the child with a serious infection or severe malnutrition :
Remainder of title guidelines for care at the first-referral level in developing countries.
260 ## - PUBLICATION, DISTRIBUTION, ETC.
Place of publication, distribution, etc. Geneva :
Name of publisher, distributor, etc. Dept. of Child and Adolescent Health and Development, World Health Organization :
-- UNICEF,
Date of publication, distribution, etc. c2000.
300 ## - PHYSICAL DESCRIPTION
Extent xiii, 162 p. :
Other physical details ill. ;
Dimensions 30 cm.
650 #0 - SUBJECT ADDED ENTRY--TOPICAL TERM
Topical term or geographic name entry element Pediatric intensive care.
650 12 - SUBJECT ADDED ENTRY--TOPICAL TERM
Topical term or geographic name entry element Critical Care
General subdivision methods
-- Child.
650 12 - SUBJECT ADDED ENTRY--TOPICAL TERM
Topical term or geographic name entry element Critical Care
General subdivision methods
-- Infant.
650 22 - SUBJECT ADDED ENTRY--TOPICAL TERM
Topical term or geographic name entry element Child Nutrition Disorders
General subdivision therapy.
650 22 - SUBJECT ADDED ENTRY--TOPICAL TERM
Topical term or geographic name entry element Communicable Diseases
General subdivision therapy
-- Child.
650 22 - SUBJECT ADDED ENTRY--TOPICAL TERM
Topical term or geographic name entry element Communicable Diseases
General subdivision therapy
-- Infant.
650 22 - SUBJECT ADDED ENTRY--TOPICAL TERM
Topical term or geographic name entry element Developing Countries.
650 22 - SUBJECT ADDED ENTRY--TOPICAL TERM
Topical term or geographic name entry element Emergency Medical Services
General subdivision methods
-- Child.
650 22 - SUBJECT ADDED ENTRY--TOPICAL TERM
Topical term or geographic name entry element Emergency Medical Services
General subdivision methods
-- Infant.
710 2# - ADDED ENTRY--CORPORATE NAME
Corporate name or jurisdiction name as entry element World Health Organization.
Subordinate unit Department of Child and Adolescent Health and Development.
710 2# - ADDED ENTRY--CORPORATE NAME
Corporate name or jurisdiction name as entry element UNICEF.
856 42 - ELECTRONIC LOCATION AND ACCESS
Uniform Resource Identifier <a href="http://www.who.int/child-adolescent-health">http://www.who.int/child-adolescent-health</a>
942 ## - ADDED ENTRY ELEMENTS (KOHA)
Source of classification or shelving scheme Library of Congress Classification
Koha item type Books
Suppress in OPAC No
999 ## -
-- 4199
-- 4199
Holdings
Withdrawn status Lost status Source of classification or shelving scheme Damaged status Not for loan Collection Home library Current library Shelving location Date acquired Total checkouts Full call number Barcode Date last seen Copy number Price effective from Koha item type
    Library of Congress Classification     Non-fiction Science Library (Miotso) Science Library (Miotso) General stacks 02/23/2025   RJ370 .M33 MAN SLM00003839 02/23/2025 1 02/23/2025 Books
    Library of Congress Classification     Non-fiction Science Library (Miotso) Science Library (Miotso) General stacks 02/23/2025   RJ370 .M33 MAN SLM00003840 02/23/2025 2 02/23/2025 Books
    Library of Congress Classification     Non-fiction Science Library (Miotso) Science Library (Miotso) General stacks 02/23/2025   RJ370 .M33 MAN SLM00003841 02/23/2025 3 02/23/2025 Books
© 2023-2024 Copyright: Central University Libraries. All Rights Reserved | Created by: Mahone Tech Office